000 01161nam a2200313 i 4500
003 OSt
005 20230221095151.0
008 221221t20222022my a gr 000 0cmay d
020 _a9789672441168
_cRM 29.90
_qpaperback
040 _aPPAK
_beng
_cPPAK
_erda
082 0 4 _223
_a297.122859
090 0 0 _a297.122859
_bAHM
_dG
100 0 _aAhmad Shamil Shahrin,
_d1984-
_eauthor.
245 1 0 _aAnjing dalam AL-QURAN DAN HADIS /
_cAHMAD SHAMIL SHAHRIN ; Ketua Editor Norhaslinda Abd Razak ; Editor Mohamad Hilmi Marjunit
264 1 _aCheras, Wilayah Persekutuan Kuala Lumpur :
_bRimbunan Islamik Media Sdn. Bhd.,
_c2022
264 4 _c©2022
300 _av, 185 pages :
_billustrations ;
_c22 cm
336 _atext
_2rdacontent
337 _aunmediated
_2rdamedia
338 _avolume
_2rdacarrier
504 _aBibliography : pages 179-185
630 0 0 _aQur'an
_xCriticism, interpretation, etc
650 1 0 _aAnimals in the Qurʼan
650 2 0 _aDogs
_xReligious aspects
_xIslam
650 2 0 _aHadith
_xCriticism, interpretation, etc
700 0 _aNorhaslinda Abd Razak,
_eeditor.
700 0 _aMohamad Hilmi Marjunit,
_eeditor.
942 _2ddc
_cB
999 _c190695
_d190695